<?xml version="1.0" encoding="UTF-8"?>
<record
    xmlns:xsi="http://www.w3.org/2001/XMLSchema-instance"
    xsi:schemaLocation="http://www.loc.gov/MARC21/slim http://www.loc.gov/standards/marcxml/schema/MARC21slim.xsd"
    xmlns="http://www.loc.gov/MARC21/slim">

  <leader>02588nab a2200361 i 4500</leader>
  <controlfield tag="003">BR-BrBNA</controlfield>
  <controlfield tag="005">20240716151615.0</controlfield>
  <controlfield tag="008">240716b2017    bl.|r|pooa||| 00| 0 por |</controlfield>
  <datafield tag="040" ind1=" " ind2=" ">
    <subfield code="a">BR-BrBNA</subfield>
    <subfield code="b">por</subfield>
  </datafield>
  <datafield tag="072" ind1=" " ind2=" ">
    <subfield code="a">L70</subfield>
    <subfield code="b">5240</subfield>
  </datafield>
  <datafield tag="072" ind1=" " ind2=" ">
    <subfield code="a">L74</subfield>
  </datafield>
  <datafield tag="100" ind1=" " ind2=" ">
    <subfield code="a">Antonioli, M.L. </subfield>
  </datafield>
  <datafield tag="100" ind1=" " ind2=" ">
    <subfield code="a">Carvalho, J.R.G. </subfield>
  </datafield>
  <datafield tag="100" ind1=" " ind2=" ">
    <subfield code="a">Bustamante, C.C. </subfield>
  </datafield>
  <datafield tag="100" ind1=" " ind2=" ">
    <subfield code="a">Mendon&#xE7;a, L.F. </subfield>
  </datafield>
  <datafield tag="100" ind1=" " ind2=" ">
    <subfield code="a">Bergamasco, P.L.F. </subfield>
  </datafield>
  <datafield tag="100" ind1=" " ind2=" ">
    <subfield code="a">Escobar, A. </subfield>
  </datafield>
  <datafield tag="100" ind1=" " ind2=" ">
    <subfield code="a">Marques, L.C. </subfield>
  </datafield>
  <datafield tag="100" ind1=" " ind2=" ">
    <subfield code="a">Canola, P.A. </subfield>
  </datafield>
  <datafield tag="245" ind1=" " ind2=" ">
    <subfield code="a">Atresia anal com f&#xED;stula retovaginal em ovino: relato de caso</subfield>
  </datafield>
  <datafield tag="500" ind1=" " ind2=" ">
    <subfield code="a">Publica&#xE7;&#xE3;o online; 14 ref.; 4 illus.; Summaries (En, Pt)</subfield>
  </datafield>
  <datafield tag="520" ind1=" " ind2=" ">
    <subfield code="a">
RESUMO - A atresia anal com f&#xED;stula retovaginal, &#xE9; considerada uma afec&#xE7;&#xE3;o cong&#xEA;nita rara nos ovinos. Em virtude disso, buscou-se descrever o reparo cir&#xFA;rgico e cuidados p&#xF3;s-operat&#xF3;rios em uma borrega que apresentava essa afec&#xE7;&#xE3;o. Nesse sentido, uma borrega, sem ra&#xE7;a definida, de 25 dias de idade e pesando 7,2kg, apresentou sinais de distens&#xE3;o abdominal e defeca&#xE7;&#xE3;o pela vulva. A afec&#xE7;&#xE3;o foi diagnosticada por meio do exame cl&#xED;nico e confirmada radiograficamente, constatando-se atresia anal do tipo III em associa&#xE7;&#xE3;o com a f&#xED;stula.


Palavras-chave: borrega, malforma&#xE7;&#xE3;o cong&#xEA;nita, atresia anal, cuidado p&#xF3;s-operat&#xF3;rio, corre&#xE7;&#xE3;o cir&#xFA;rgica </subfield>
  </datafield>
  <datafield tag="520" ind1=" " ind2=" ">
    <subfield code="a">
ABSTRACT - Atresia ani associated with rectovaginal fistula is considered a rare congenital anomaly in sheep. Therefore, the surgical correction and post-operative care of a lamb presenting atresia ani with rectovaginal fistula has been detailed in this case report. A 25-days old, mixed breed lamb, weighing 7.2 kg, showing signs of abdominal bloating, and stool passage through the vulva was admitted at our hospital. An atresia ani type III condition associated with rectovaginal fistula was diagnosed by clinical examination and confirmed by radiographic examination.


Keywords: lamb, congenital malformation, atresia ani, post-operative care, surgical repair</subfield>
  </datafield>
  <datafield tag="650" ind1=" " ind2=" ">
    <subfield code="a">OVINO</subfield>
  </datafield>
  <datafield tag="650" ind1=" " ind2=" ">
    <subfield code="a">DIST&#xDA;RBIO FISIOL&#xD3;GICO</subfield>
  </datafield>
  <datafield tag="650" ind1=" " ind2=" ">
    <subfield code="a">MALFORMA&#xC7;&#xC3;O</subfield>
  </datafield>
  <datafield tag="650" ind1=" " ind2=" ">
    <subfield code="a">CIRURGIA</subfield>
  </datafield>
  <datafield tag="650" ind1=" " ind2=" ">
    <subfield code="a">VETERIN&#xC1;RIA</subfield>
  </datafield>
  <datafield tag="773" ind1="0" ind2=" ">
    <subfield code="0">1643</subfield>
    <subfield code="9">316243</subfield>
    <subfield code="d">Belo Horizonte-MG Universidade Federal de Minas Gerais - Escola de Veterinaria 1983</subfield>
    <subfield code="o">2024-2644</subfield>
    <subfield code="t">Arquivo Brasileiro de Medicina Veterin&#xE1;ria e Zootecnia (Brazil)</subfield>
    <subfield code="x">0102-0935</subfield>
    <subfield code="g">v. 69(5) p. 1167-1171; (2017)</subfield>
    <subfield code="w">BR2024002193</subfield>
  </datafield>
  <datafield tag="856" ind1=" " ind2=" ">
    <subfield code="u">https://www.scielo.br/j/abmvz/a/prvBGkB5rZznbjMptr8MkpH/?format=pdf&amp;lang=pt</subfield>
  </datafield>
  <datafield tag="942" ind1=" " ind2=" ">
    <subfield code="c">Anal&#xED;tica</subfield>
  </datafield>
  <datafield tag="999" ind1=" " ind2=" ">
    <subfield code="c">300551</subfield>
    <subfield code="d">300551</subfield>
  </datafield>
</record>
